• 首页
  • 本馆介绍
  • 公告通知
  • 最新文献
  • 馆藏检索
  • 电子资源
  • 读者导购
  • 参考咨询
  • 我的图书馆
  • 登录
  • 详细信息显示
  • 放入我的书架
  • 预约/预借图书
  • 作者相关作品
  • 分类相关作品
  • 丛书相关作品
  • 出版社相关作品

书目信息

  • 表格格式
  • 工作单格式
  • 卡片格式
题名:
在崖上
    
 
作者: 蒋亚林 著
分册:  
出版信息: 南京   江苏凤凰文艺出版社  2020.11
页数: 188页
开本: 21cm
丛书名: 雨花忠魂
单 册:
中图分类: I253 , K827=6
科图分类:
主题词: 纪实文学--ji shi wen xue--中国--当代
电子资源:
ISBN: 978-7-5594-5096-8
000 01231nam 2200301 450
001 CAL 0120217137120
005 20230217093112.0
010    @a978-7-5594-5096-8@dCNY30.00
092    @aCN@bRt972-1624
100    @a20210408d2020 em y0chiy0120 ea
101 0  @achi
102    @aCN@b320000
105    @ay z 000zb
106    @ar
200 1  @a在崖上@Azai ya shang@e王崇典烈士传@f蒋亚林著
210    @a南京@c江苏凤凰文艺出版社@d2020.11
215    @a188页@d21cm
225 2  @a雨花忠魂@Ayu hua zhong hun@i雨花英烈系列纪实文学
330    @a本书讲述了雨花台烈士王崇典为革命奋斗一生的光荣事迹。王崇典 (1903-1928), 字彝文, 又字逸文, 安徽涡阳人。1926年入上海大夏大学, 后转至南京国立东南大学。在校期间接受马列主义, 参加中国共产党, 担任阜阳、蒙城、涡阳、亳县、颍上、太和、霍邱等七县学生会会长。后任中共南京市委委员, 参与领导苏北如皋、南通等地的革命工作。
410  0 @12001 @a雨花忠魂@i雨花英烈系列纪实文学
517 1  @a王崇典烈士传@Awang chong dian lie shi zhuan
600  0 @a王崇典,@Awang chong dian@f1903-1928@x传记
606 0  @a纪实文学@Aji shi wen xue@y中国@z当代
690    @aI253@v5
690    @aK827=6@v5
701  0 @a蒋亚林@Ajiang ya lin@4著
801  0 @aCN@bBJXHZP@c20230228
905    @b1384056-9@dI253@e1240@f4
    
    在崖上:王崇典烈士传/蒋亚林著.-南京:江苏凤凰文艺出版社,2020.11
    188页;21cm.-(雨花忠魂.雨花英烈系列纪实文学)
    
    
    ISBN 978-7-5594-5096-8:CNY30.00
    本书讲述了雨花台烈士王崇典为革命奋斗一生的光荣事迹。王崇典 (1903-1928), 字彝文, 又字逸文, 安徽涡阳人。1926年入上海大夏大学, 后转至南京国立东南大学。在校期间接受马列主义, 参加中国共产党, 担任阜阳、蒙城、涡阳、亳县、颍上、太和、霍邱等七县学生会会长。后任中共南京市委委员, 参与领导苏北如皋、南通等地的革命工作。
●
相关链接 在E读中查询图书 在五车中查询图书 在当当中查询图书 在豆瓣中查询图书


正题名:在崖上     索取号:I253/1240         预约/预借

序号 登录号 条形码 馆藏地/架位号 状态 备注
1 1384056   213840566   第一样本阅览室/ [索取号:I253/1240] 在馆    
2 1384057   213840575   第二借阅区/ [索取号:I253/1240] 在馆    
3 1384058   213840584   第二借阅区/ [索取号:I253/1240] 在馆    
4 1384059   213840593   第二借阅区/ [索取号:I253/1240] 在馆    
唐山师范学院图书馆 欢迎您!
大连网信软件有限公司© 版权所有